00525nam a2200157 a 450000500170000000800410001702000180005805000170007624500520009326000390014530000190018465000190020365000110022299900190023395201150025220140412111341.0031016s19uu xx 00 eng d a0-590-04706-X aERbIs1 1997 aI spy little wheels /cRhymes by Jean Marzollo. aNew York :bScholastic Inc,c1997. a[25] p. ; ill. aTransportation aRhymes c105122d105122 00104050aELbELcERd2003-10-16eLibFundg40.00l0oER Is1 1997pE9451r2014-04-12 00:00:00w2014-04-12yBK